| 000 | 00903nam a2200217 i 4500 | ||
|---|---|---|---|
| 001 | 7349 | ||
| 003 | ES-MaACL | ||
| 005 | 20230906145221.0 | ||
| 007 | t| | ||
| 008 | 901217s1988 sp ||||1| spa d | ||
| 020 | _a84-369-1423-6 | ||
| 080 | _a001.891:338.98(46) | ||
| 080 | _a338.98(46):001.891 | ||
| 110 | 2 |
_aEspaña. _bPlan Nacional de Investigación Científica y Desarrollo Tecnológico. _93947 |
|
| 245 | 1 | 0 |
_aPlan Nacional de Investigacion Cientifica y Desarrollo Tecnologico _b: 1988-1991 / _cComision Interministerial de Ciencia y Tecnologia. |
| 260 |
_aMadrid : _bCentro de Publicaciones, Ministerio de Educación y Ciencia, _cD.L. 1988. |
||
| 300 |
_a2 v. ; _c25 cm + fe de erratas. |
||
| 650 | 4 |
_aInvestigación- _zEspaña- _xPlanificación. _913894 |
|
| 710 | 1 |
_aEspaña. _bComisión Interministerial de Ciencia y Tecnología. _93636 |
|
| 852 |
_aES-MaACL _jL-14611-12 _bR.118658 _z. - cart. |
||
| 999 |
_c7349 _d7349 |
||